[Event "Rated Blitz game"]
[Site "?"]
[Date "2021.05.16"]
[Round "?"]
[White "Alex_Morozevich"]
[Black "Razario90"]
[Result "0-1"]
[WhiteElo "2386"]
[BlackElo "2417"]
[PlyCount "68"]
[EventDate "2021.??.??"]
[EventType "blitz"]

1. e4 e5 2. Nf3 d5 3. d4 dxe4 4. Nxe5 Nd7 5. Nc4 Ngf6 6. Nc3 Be7 7. Bf4 O-O 8.
Be2 Nb6 9. Ne3 c6 10. O-O h6 11. Qd2 Nbd5 12. Ncxd5 Nxd5 13. Nxd5 Qxd5 14. c4
Qf5 15. Rad1 Rd8 16. h3 Be6 17. Bg4 Qg6 18. Bxe6 Qxe6 19. b3 g5 20. Be3 f5 21.
f4 gxf4 22. Bxf4 Bf6 23. d5 cxd5 24. cxd5 Qd7 25. Bxh6 Kh7 26. Qf4 Kg6 27. g4
Rh8 28. gxf5+ Kf7 29. Kh1 Rag8 30. Rg1 e3 31. Rxg8 Rxg8 32. Qf3 e2 33. Qxe2
Qxf5 34. Qh2 Qf3+ {Normal} 0-1

[Event "Rated Blitz game"]
[Site "?"]
[Date "2021.05.16"]
[Round "?"]
[White "Dolgorukij"]
[Black "DonCroccante"]
[Result "1-0"]
[WhiteElo "2424"]
[BlackElo "2417"]
[PlyCount "133"]
[EventDate "2021.??.??"]
[EventType "blitz"]

1. e4 e5 2. Nf3 d5 3. d3 dxe4 4. dxe4 Qxd1+ 5. Kxd1 Nc6 6. c3 f5 7. Nbd2 Nf6 8.
Bd3 fxe4 9. Nxe4 Bg4 10. Kc2 O-O-O 11. Re1 Bf5 12. Nh4 Be6 13. Nxf6 gxf6 14.
Bf5 Kd7 15. f4 Bxf5+ 16. Nxf5 Ke6 17. Ng3 h5 18. fxe5 fxe5 19. Ne4 Bd6 20. Ng5+
Ke7 21. Re2 Rdg8 22. Nf3 h4 23. Bg5+ Kd7 24. Bxh4 e4 25. Rxe4 Rxg2+ 26. Kd3
Bxh2 27. Rd1 Rxb2 28. Kc4+ Kc8 29. Rd5 Bd6 30. Nd4 Nxd4 31. Rdxd4 Rxa2 32. Rg4
Re8 33. Kd3 a6 34. Rde4 Rxe4 35. Rxe4 b6 36. Bg5 Kb7 37. Be3 Ra4 38. Rxa4 b5
39. Ra1 Kc6 40. Rb1 Kb7 41. c4 c6 42. cxb5 axb5 43. Bd4 Bc7 44. Rc1 Bb6 45. Bc5
Bc7 46. Rc4 Ka6 47. Rc3 Kb7 48. Kd4 Ka6 49. Rb3 Ka5 50. Rb4 Bb6 51. Rb3 Ka4 52.
Rb1 Ba5 53. Ra1+ Kb3 54. Rxa5 b4 55. Ra6 Kc2 56. Rxc6 b3 57. Rb6 Kd1 58. Ba3
Ke2 59. Rxb3 Kd1 60. Rd3+ Kc2 61. Kc4 Kb1 62. Rc3 Ka2 63. Kd3 Kb1 64. Kd2 Ka2
65. Rc2+ Kxa3 66. Kd1 Ka4 67. Kc1 {Time forfeit} 1-0

[Event "Rated Blitz game"]
[Site "?"]
[Date "2021.05.16"]
[Round "?"]
[White "Jero_el_siniestro"]
[Black "greenbubbl_e"]
[Result "0-1"]
[WhiteElo "2505"]
[BlackElo "2710"]
[PlyCount "46"]
[EventDate "2021.??.??"]
[EventType "blitz"]

1. e4 e5 2. Nf3 d5 3. exd5 e4 4. Nd4 Qxd5 5. Nb3 Nc6 6. Nc3 Qe5 7. Be2 Nf6 8.
d3 exd3 9. Qxd3 Nb4 10. Qd2 Bf5 11. O-O Nxc2 12. Bd1 Rd8 13. Bxc2 Rxd2 14. Bxd2
Bxc2 15. Rfe1 Be4 16. f3 Bd6 17. Nxe4 Qxh2+ 18. Kf2 Nxe4+ 19. Rxe4+ Kd7 20. Rd1
f5 21. Rc4 Kc8 22. Bc3 Re8 23. Bb4 Bg3+ {Normal} 0-1

[Event "Rated Blitz tournament MREXtdU0"]
[Site "?"]
[Date "2021.05.16"]
[Round "?"]
[White "Dzelbi"]
[Black "jeruchess"]
[Result "1-0"]
[WhiteElo "2406"]
[BlackElo "2267"]
[PlyCount "49"]
[EventDate "2021.??.??"]
[EventType "blitz"]

1. e4 e5 2. Nf3 d5 3. Nxe5 Bd6 4. d4 dxe4 5. Nc4 Be7 6. Nc3 Nf6 7. Bg5 O-O 8.
Be2 Bf5 9. Qd2 Nbd7 10. O-O-O a6 11. h4 b5 12. Ne3 h6 13. Bxf6 Bxf6 14. Nxf5
Nb6 15. Nxe4 Nc4 16. Bxc4 bxc4 17. g4 Be7 18. g5 h5 19. Rhg1 g6 20. Nxe7+ Qxe7
21. Nf6+ Kh8 22. Rge1 Qd6 23. d5 c5 24. dxc6 Qxc6 25. Qd4 {Normal} 1-0

[Event "Rated Blitz tournament MREXtdU0"]
[Site "?"]
[Date "2021.05.16"]
[Round "?"]
[White "Dzelbi"]
[Black "jeruchess"]
[Result "1-0"]
[WhiteElo "2408"]
[BlackElo "2264"]
[PlyCount "77"]
[EventDate "2021.??.??"]
[EventType "blitz"]

1. e4 e5 2. Nf3 d5 3. Nxe5 Bd6 4. d4 dxe4 5. Nc4 Nc6 6. Nc3 Nf6 7. Bg5 Bf5 8.
d5 Ne5 9. Nxd6+ Qxd6 10. Nb5 Qd7 11. Qd4 O-O 12. Qxe5 Rfe8 13. Qd4 a6 14. Bxf6
axb5 15. Bxg7 e3 16. fxe3 Re4 17. Qd2 Rae8 18. Bd4 c5 19. Bxc5 R4e5 20. Bd4
Rxd5 21. O-O-O Ra8 22. Kb1 b4 23. Bd3 Be6 24. b3 Rda5 25. Bb2 Rxa2 26. Bxh7+
Kxh7 27. Qxd7 Bxd7 28. Rxd7 Kh6 29. Rxb7 R2a6 30. Rxb4 Rg6 31. g3 f5 32. Rh4+
Kg5 33. Rf1 Rd8 34. Rhf4 Rd5 35. c4 Ra5 36. Kc2 Re6 37. Bd4 Ra2+ 38. Kc3 Ra5
39. c5 {Normal} 1-0

[Event "Rated Blitz game"]
[Site "?"]
[Date "2021.05.16"]
[Round "?"]
[White "Flowryano_777"]
[Black "oJoNTANGc0"]
[Result "0-1"]
[WhiteElo "2405"]
[BlackElo "2394"]
[PlyCount "34"]
[EventDate "2021.??.??"]
[EventType "blitz"]

1. e4 e5 2. Nf3 d5 3. exd5 e4 4. Qe2 Nf6 5. Nc3 Be7 6. Nxe4 O-O 7. d3 Qxd5 8.
Nc3 Qa5 9. Qd1 Nc6 10. Be2 Bg4 11. O-O Rfe8 12. h3 Bh5 13. a3 Bd6 14. b4 Bxb4
15. Nb1 Bd6 16. Nbd2 Ne5 17. Nxe5 Qxe5 {Normal} 0-1

[Event "Rated Blitz tournament 6IIsNpe6"]
[Site "?"]
[Date "2021.05.16"]
[Round "?"]
[White "danylo03"]
[Black "Korshun_2022"]
[Result "0-1"]
[WhiteElo "2407"]
[BlackElo "2405"]
[PlyCount "32"]
[EventDate "2021.??.??"]
[EventType "blitz"]

1. e4 e5 2. Nf3 d5 3. Nxe5 Bd6 4. d4 dxe4 5. Nc3 Nf6 6. Bg5 O-O 7. Bxf6 Qxf6 8.
Nxe4 Qe7 9. Bd3 Bxe5 10. dxe5 Qxe5 11. O-O Nc6 12. Re1 Qxb2 13. Qh5 h6 14. Ng5
Ne5 15. Rxe5 Qxa1+ 16. Bf1 Qxe5 {Normal} 0-1

[Event "Rated Blitz tournament 6IIsNpe6"]
[Site "?"]
[Date "2021.05.16"]
[Round "?"]
[White "FakeBruceLee"]
[Black "Korshun_2022"]
[Result "0-1"]
[WhiteElo "2665"]
[BlackElo "2396"]
[PlyCount "82"]
[EventDate "2021.??.??"]
[EventType "blitz"]

1. e4 e5 2. Nf3 d5 3. Nc3 dxe4 4. Nxe4 f5 5. Nxe5 Qd4 6. Qh5+ g6 7. Nxg6 Qxe4+
8. Be2 hxg6 9. Qxg6+ Kd8 10. d3 Qe8 11. Qg3 Bd6 12. Bg5+ Ne7 13. Qf3 Nbc6 14.
O-O-O Nd4 15. Qe3 Nxe2+ 16. Qxe2 Qg6 17. h4 Be6 18. Rhe1 Kd7 19. d4 Rae8 20. c4
Bb4 21. Rh1 f4 22. a3 b5 23. d5 Nxd5 24. cxd5 Bxd5 25. Rxd5+ Bd6 26. Qxb5+ Kc8
27. Rhd1 Re6 28. Qa6+ Kd7 29. Qa4+ Kc8 30. Qxa7 Rhe8 31. Qa4 f3 32. Ra5 Bf4+
33. Bxf4 Rc6+ 34. Qxc6 Qxc6+ 35. Kb1 fxg2 36. Bh2 Re2 37. Rc1 Qe4+ 38. Ka2 Re1
39. Rxc7+ Kd8 40. Rg5 Qe6+ 41. b3 Qe2+ {Normal} 0-1

[Event "Rated Blitz game"]
[Site "?"]
[Date "2021.05.16"]
[Round "?"]
[White "pedromartinez91"]
[Black "greenbubbl_e"]
[Result "0-1"]
[WhiteElo "2523"]
[BlackElo "2759"]
[PlyCount "31"]
[EventDate "2021.??.??"]
[EventType "blitz"]

1. e4 e5 2. Nf3 d5 3. Nxe5 Bd6 4. d4 Nf6 5. exd5 O-O 6. Be2 Nxd5 7. O-O c5 8.
Nc3 cxd4 9. Qxd4 Nxc3 10. Qxc3 Re8 11. Bf4 Qf6 12. Rad1 Nc6 13. Nxc6 Qxc3 14.
Ne7+ Rxe7 15. Rxd6 Qa5 16. b4 {Normal} 0-1

[Event "Rated Blitz game"]
[Site "?"]
[Date "2021.05.16"]
[Round "?"]
[White "V_vs"]
[Black "annaly1979"]
[Result "1-0"]
[WhiteElo "2568"]
[BlackElo "2453"]
[PlyCount "56"]
[EventDate "2021.??.??"]
[EventType "blitz"]

1. e4 e5 2. Nf3 d5 3. d4 dxe4 4. Nxe5 Bd6 5. Nc3 Nf6 6. Bc4 O-O 7. O-O h6 8. f4
exf3 9. Qxf3 Nc6 10. Nxc6 bxc6 11. Bxh6 gxh6 12. Qxf6 Qxf6 13. Rxf6 Kg7 14. Rf2
Be6 15. Bxe6 fxe6 16. Rxf8 Kxf8 17. Ne4 Ke7 18. Rf1 Rf8 19. Rxf8 Kxf8 20. Nxd6
cxd6 21. b4 Kf7 22. Kf2 Kf6 23. g4 Kg5 24. Kg3 e5 25. dxe5 dxe5 26. h4+ Kf6 27.
Kf3 h5 28. gxh5 Kf5 {Normal} 1-0

[Event "Rated Blitz tournament wj83Wc6d"]
[Site "?"]
[Date "2021.05.16"]
[Round "?"]
[White "Cazulo97"]
[Black "CaroyinixDiscomix"]
[Result "1-0"]
[WhiteElo "2306"]
[BlackElo "2440"]
[PlyCount "93"]
[EventDate "2021.??.??"]
[EventType "blitz"]

1. e4 e5 2. Nf3 d5 3. Nxe5 Bd6 4. d4 dxe4 5. Nc4 Nf6 6. Nxd6+ Qxd6 7. Bg5 Bf5
8. c3 O-O 9. Nd2 Nc6 10. Be2 Rfe8 11. O-O h6 12. Be3 Rad8 13. Qb3 Ne7 14. Qxb7
Ned5 15. Qxa7 Bg4 16. Qa6 c6 17. Rfe1 Qe6 18. Nf1 Qf5 19. Qxc6 Bxe2 20. Rxe2
Ng4 21. Ng3 Qh7 22. h3 Ngf6 23. Rae1 Re6 24. Qb7 Qg6 25. Bc1 Rde8 26. c4 Ne7
27. Nxe4 Nf5 28. Nxf6+ gxf6 29. Rxe6 fxe6 30. Qe4 Kf7 31. d5 e5 32. g4 Rg8 33.
Kf1 Nd6 34. Qxg6+ Kxg6 35. c5 Nc4 36. b3 Na5 37. Be3 h5 38. c6 hxg4 39. hxg4 f5
40. gxf5+ Kxf5 41. Rc1 Ke4 42. Bd2 Kf3 43. Bxa5 Rh8 44. Rc3+ Ke4 45. c7 Kd4 46.
c8=Q Rh1+ 47. Ke2 {Normal} 1-0

[Event "Rated Blitz game"]
[Site "?"]
[Date "2021.05.16"]
[Round "?"]
[White "MityshevS"]
[Black "khalid_ontawar"]
[Result "0-1"]
[WhiteElo "2385"]
[BlackElo "2411"]
[PlyCount "58"]
[EventDate "2021.??.??"]
[EventType "blitz"]

1. e4 e5 2. Nf3 d5 3. Nc3 dxe4 4. Nxe4 f5 5. Ng3 e4 6. Ne5 Be6 7. Bc4 Bxc4 8.
Nxc4 g6 9. b3 Bg7 10. Bb2 Nf6 11. O-O O-O 12. d3 exd3 13. cxd3 Nc6 14. d4 Qd7
15. Qd2 Rad8 16. Rad1 Rfe8 17. h4 Ne4 18. Nxe4 Rxe4 19. d5 Ne5 20. Nxe5 Bxe5
21. f3 Bf4 22. Qc3 Re5 23. Rfe1 Rde8 24. Kf2 Qd6 25. g3 Qb6+ 26. Kg2 Re2+ 27.
Kh3 Be5 28. Qc4 Qf2 29. Rxe2 Qxg3# {Normal} 0-1

[Event "Rated Blitz tournament 6IIsNpe6"]
[Site "?"]
[Date "2021.05.16"]
[Round "?"]
[White "Lagardeduroi007"]
[Black "Maltinho"]
[Result "1/2-1/2"]
[WhiteElo "2242"]
[BlackElo "2522"]
[PlyCount "142"]
[EventDate "2021.??.??"]
[EventType "blitz"]

1. e4 e5 2. Nf3 d5 3. d4 dxe4 4. Nxe5 Bd6 5. Be2 Bxe5 6. dxe5 Qxd1+ 7. Bxd1 Nc6
8. Bf4 Nge7 9. Nc3 Bf5 10. h4 Ng6 11. g4 Nxf4 12. gxf5 Nxe5 13. Nxe4 O-O-O 14.
Be2 Rhe8 15. f3 g6 16. fxg6 hxg6 17. Kf2 f5 18. Nc3 Nxe2 19. Nxe2 Rd2 20. Rac1
Nc4 21. Rhe1 Nxb2 22. Kf1 Nc4 23. Nf4 Rg8 24. Re2 Rd4 25. Ng2 b6 26. Rce1 Kb7
27. Re6 Rd2 28. R1e2 Rd1+ 29. Re1 Rd4 30. Rf6 Na3 31. Ree6 g5 32. h5 Rh8 33. h6
Nxc2 34. Rxf5 g4 35. fxg4 Rxg4 36. Rh5 Nd4 37. Re7 Rf8+ 38. Kg1 Rfg8 39. h7
Rxg2+ 40. Kf1 Rg1+ 41. Kf2 R1g2+ 42. Kf1 Nc6 43. hxg8=Q Rxg8 44. Rf7 a5 45.
Rhh7 Rc8 46. Ke2 Nb8 47. Kd3 Na6 48. Kc4 Rg8 49. Kb3 Rg3+ 50. Kb2 b5 51. Kc2
Kb6 52. Rf6+ c6 53. Rhh6 Nb4+ 54. Kb2 Rg2+ 55. Kb1 Rg1+ 56. Kb2 Rg2+ 57. Kb1
Rxa2 58. Rxc6+ Nxc6 59. Kxa2 b4 60. Kb3 Kb5 61. Rh5+ Kb6 62. Kc4 a4 63. Rh6 b3
64. Kc3 Kb5 65. Rh5+ Kb6 66. Kb2 Na5 67. Ka3 Nc4+ 68. Kxa4 b2 69. Rh1 Nd2 70.
Ka3 b1=Q 71. Rxb1+ Nxb1+ {Normal} 1/2-1/2

[Event "Rated Blitz tournament 6IIsNpe6"]
[Site "?"]
[Date "2021.05.16"]
[Round "?"]
[White "An2r31"]
[Black "Maltinho"]
[Result "1-0"]
[WhiteElo "2331"]
[BlackElo "2518"]
[PlyCount "58"]
[EventDate "2021.??.??"]
[EventType "blitz"]

1. e4 e5 2. Nf3 d5 3. exd5 Bd6 4. g3 e4 5. Nd4 Nf6 6. Bg2 Bg4 7. f3 exf3 8.
Bxf3 h5 9. O-O Bc5 10. c3 Bxd4+ 11. cxd4 Nbd7 12. Nc3 Nb6 13. Qe2+ Kf8 14. Qg2
Qd7 15. Qf2 Nbxd5 16. Nxd5 Nxd5 17. d3 c6 18. b3 Re8 19. Ba3+ Kg8 20. Rae1 Rxe1
21. Rxe1 Kh7 22. Be4+ g6 23. Bxd5 Qxd5 24. Re7 Kg7 25. Re5 Qd8 26. d5 Re8 27.
Bb2 Kh7 28. Qxf7+ Kh6 29. Rxe8 Qxd5 {Normal} 1-0

[Event "Rated Rapid game"]
[Site "?"]
[Date "2021.05.16"]
[Round "?"]
[White "bcnv"]
[Black "Delyvj"]
[Result "0-1"]
[WhiteElo "2430"]
[BlackElo "2407"]
[PlyCount "116"]
[EventDate "2021.??.??"]
[EventType "rapid"]

1. e4 e5 2. Nf3 d5 3. exd5 e4 4. Ne5 Qxd5 5. d4 exd3 6. Nxd3 Bf5 7. Nc3 Qe6+ 8.
Be2 Bd6 9. O-O Nc6 10. Nf4 Qd7 11. Be3 O-O-O 12. Nfd5 Nge7 13. Nxe7+ Qxe7 14.
Qb1 Qe5 15. g3 Bh3 16. Re1 Qe4 17. Bf1 Qf5 18. Nb5 Ne5 19. c4 Nf3+ 20. Kh1 Nxe1
21. Bxh3 Qxh3 22. Nxa7+ Kb8 23. Qxe1 Qf5 24. Nb5 Bc5 25. Qa5 Rd7 26. Bf4 Rc8
27. b4 Bxf2 28. Kg2 Qc2 29. Kh3 Bd4 30. c5 Qf5+ 31. Kg2 Qe4+ 32. Kh3 Qe6+ 33.
Kg2 Qa6 34. Rd1 Qxa5 35. bxa5 Rcd8 36. Kf3 Bf6 37. Rb1 g5 38. c6 gxf4 39. cxd7
fxg3 40. hxg3 Rxd7 41. a6 c6 42. Na3 Rd3+ 43. Kg4 Rxa3 44. Rxb7+ Ka8 45. Rxf7
Bb2 46. Rxh7 Rxa6 47. Kf5 c5 48. g4 c4 49. g5 c3 50. g6 c2 51. Rc7 Ra5+ 52. Ke6
c1=Q 53. g7 Qh6+ 54. Kf7 Qxg7+ 55. Ke8 Qxc7 56. a4 Re5+ 57. Kf8 Rf5+ 58. Kg8
Qg7# {Normal} 0-1

[Event "Rated Blitz game"]
[Site "?"]
[Date "2021.05.16"]
[Round "?"]
[White "cantorypoeta"]
[Black "mierdensen"]
[Result "0-1"]
[WhiteElo "2411"]
[BlackElo "2310"]
[PlyCount "52"]
[EventDate "2021.??.??"]
[EventType "blitz"]

1. e4 e5 2. Nf3 d5 3. exd5 e4 4. Qe2 Nf6 5. Nc3 Bg4 6. Nxe4 Nxe4 7. Qxe4+ Qe7
8. Qxe7+ Bxe7 9. Ne5 Bf5 10. Bb5+ Kf8 11. d3 a6 12. Bc4 Bd6 13. Nf3 Nd7 14. O-O
b5 15. Bb3 Nc5 16. Be3 a5 17. d4 Nxb3 18. axb3 Bxc2 19. Nd2 f6 20. Rfc1 Bf5 21.
f3 Kf7 22. Kf2 Rhe8 23. g3 Re7 24. Re1 h6 25. Rac1 Rae8 26. Rc2 Bxc2 {Normal}
0-1

[Event "Rated Blitz game"]
[Site "?"]
[Date "2021.05.16"]
[Round "?"]
[White "Birani"]
[Black "KinzyabulatovRenat"]
[Result "1-0"]
[WhiteElo "2595"]
[BlackElo "2454"]
[PlyCount "65"]
[EventDate "2021.??.??"]
[EventType "blitz"]

1. e4 e5 2. Nf3 d5 3. exd5 e4 4. Qe2 Nf6 5. d3 Qxd5 6. Nbd2 Nc6 7. dxe4 Qh5 8.
Qb5 Bc5 9. Nb3 Nxe4 10. Be3 a6 11. Qc4 Bb4+ 12. c3 O-O 13. Qxe4 Bd6 14. Be2 Bf5
15. Qh4 Qg6 16. Nfd4 Bd7 17. Qg5 Qxg5 18. Bxg5 Rfe8 19. Be3 Ne5 20. O-O-O a5
21. a3 Reb8 22. h3 b5 23. f4 Ng6 24. Bf3 Ra6 25. g3 b4 26. axb4 axb4 27. c4 Ra2
28. c5 Bf8 29. Bd5 Ra6 30. h4 Ne7 31. Bc4 Ra4 32. Bf2 Bg4 33. Rde1 {Time
forfeit} 1-0

[Event "Rated Blitz game"]
[Site "?"]
[Date "2021.05.16"]
[Round "?"]
[White "harrytheman"]
[Black "anjaya01"]
[Result "0-1"]
[WhiteElo "2267"]
[BlackElo "2425"]
[PlyCount "92"]
[EventDate "2021.??.??"]
[EventType "blitz"]

1. e4 e5 2. Nf3 d5 3. d3 Bd6 4. exd5 f5 5. Nc3 Nf6 6. Be2 O-O 7. O-O a6 8. a4
b6 9. Bg5 h6 10. Bxf6 Qxf6 11. g3 Nd7 12. Nh4 g5 13. Ng2 Bb7 14. Bh5 Rad8 15.
Ne2 Bxd5 16. c4 Bb7 17. f4 exf4 18. gxf4 g4 19. Ng3 Bc5+ 20. Kh1 Bd4 21. Rb1 a5
22. b4 axb4 23. Rxb4 Nc5 24. Rb1 Qc6 25. Ne4 fxe4 26. Qxg4+ Kh7 27. f5 exd3 28.
Bg6+ Kh8 29. Qh3 Qxg2+ 30. Qxg2 Bxg2+ 31. Kxg2 Nxa4 32. Rf4 Nc5 33. Rh4 Be3 34.
Rd1 d2 35. Kf3 Bg5 36. Rh5 Rd3+ 37. Ke2 Rfd8 38. h4 Bf4 39. f6 Rh3 40. Rf1 Rh2+
41. Kd1 Na4 42. Rxf4 Nb2+ 43. Kc2 d1=Q+ 44. Kc3 Qd2+ 45. Kb3 Qxf4 46. Ka3 Nxc4+
{Normal} 0-1

[Event "Rated Blitz game"]
[Site "?"]
[Date "2021.05.16"]
[Round "?"]
[White "Izvolite"]
[Black "Schachelite"]
[Result "1-0"]
[WhiteElo "2422"]
[BlackElo "2416"]
[PlyCount "33"]
[EventDate "2021.??.??"]
[EventType "blitz"]

1. e4 e5 2. Nf3 d5 3. exd5 e4 4. Qe2 Nf6 5. Nc3 Be7 6. Nxe4 O-O 7. d3 Re8 8.
Bd2 Nxd5 9. O-O-O f5 10. Ng3 Nc6 11. d4 f4 12. Ne4 Bf5 13. Nc3 Ndb4 14. Qc4+
Kh8 15. a3 Na5 16. Qb5 c6 17. Qxf5 {Normal} 1-0

[Event "Rated Rapid game"]
[Site "?"]
[Date "2021.05.16"]
[Round "?"]
[White "Denizatesi"]
[Black "Delyvj"]
[Result "0-1"]
[WhiteElo "2449"]
[BlackElo "2388"]
[PlyCount "49"]
[EventDate "2021.??.??"]
[EventType "rapid"]

1. e4 e5 2. Nf3 d5 3. Nxe5 dxe4 4. Bc4 Qg5 5. Bxf7+ Ke7 6. d4 Qxg2 7. Rf1 Nf6
8. Bc4 Nc6 9. Nc3 Bh3 10. Bf4 Rd8 11. Nxc6+ bxc6 12. Qd2 Qg4 13. Be2 Qd7 14.
O-O-O Bxf1 15. Bxf1 Ke8 16. f3 Bb4 17. fxe4 Bxc3 18. Qxc3 Nxe4 19. Re1 Qf5 20.
Qxc6+ Kf8 21. Rxe4 g5 22. Be5 Qxf1+ 23. Kd2 Rg8 24. Qc5+ Kf7 25. Qc4+ {Normal}
0-1

[Event "Rated Rapid game"]
[Site "?"]
[Date "2021.05.16"]
[Round "?"]
[White "scalvi"]
[Black "Delyvj"]
[Result "1-0"]
[WhiteElo "2289"]
[BlackElo "2409"]
[PlyCount "79"]
[EventDate "2021.??.??"]
[EventType "rapid"]

1. e4 e5 2. Nf3 d5 3. Nxe5 dxe4 4. d4 exd3 5. Bxd3 Nd7 6. Nf3 Bd6 7. O-O Ne7 8.
Nc3 Ne5 9. Nxe5 Bxe5 10. Re1 Bxc3 11. bxc3 O-O 12. Ba3 Be6 13. Qf3 c6 14. Rad1
Qc7 15. Qh5 g6 16. Qg5 Rfe8 17. h4 Nd5 18. c4 f6 19. Qd2 Nf4 20. Bb2 Nxd3 21.
cxd3 Kg7 22. Qc3 Qf7 23. h5 Bd7 24. d4 Rxe1+ 25. Rxe1 Re8 26. Rd1 gxh5 27. d5
c5 28. Rd3 h4 29. Rf3 Re5 30. Qb3 Re1+ 31. Kh2 Qe8 32. Rxf6 Kg8 33. Qf3 Qb8+
34. Qf4 Qxf4+ 35. Rxf4 Re2 36. Bf6 Rxa2 37. Bxh4 Rc2 38. Bg3 a5 39. Re4 a4 40.
Re7 {Time forfeit} 1-0

[Event "Rated Blitz tournament Ae9TBsEu"]
[Site "?"]
[Date "2021.05.16"]
[Round "?"]
[White "Dr_Thomas_Tal"]
[Black "greenbubbl_e"]
[Result "0-1"]
[WhiteElo "2449"]
[BlackElo "2742"]
[PlyCount "86"]
[EventDate "2021.??.??"]
[EventType "blitz"]

1. e4 e5 2. Nf3 d5 3. exd5 e4 4. Ne5 Qxd5 5. d4 exd3 6. Nxd3 Nc6 7. Nc3 Qa5 8.
Be2 Be6 9. O-O O-O-O 10. Bd2 Nf6 11. Ne4 Qf5 12. Ng3 Qd5 13. Bf3 Qd7 14. Bc3
Nd5 15. Qe2 h5 16. Rfd1 Nxc3 17. bxc3 Bc4 18. Ne4 f5 19. Nd2 Ba6 20. Nb3 g5 21.
Qe3 f4 22. Qe4 Re8 23. Qa4 Ne5 24. Qe4 Nxf3+ 25. Qxf3 Qg4 26. Qd5 f3 27. g3 Bd6
28. Nd4 h4 29. Qxf3 Qxf3 30. Nxf3 hxg3 31. hxg3 b6 32. Re1 Bb7 33. Rxe8+ Rxe8
34. Re1 Rh8 35. Nh2 Bd5 36. a4 Bc6 37. a5 bxa5 38. c4 a4 39. c5 Bf8 40. Nb4 Bd7
41. Nd3 Bg7 42. Re4 a3 43. Ra4 Bxa4 {Normal} 0-1

[Event "Rated Blitz tournament 6IIsNpe6"]
[Site "?"]
[Date "2021.05.16"]
[Round "?"]
[White "joflo"]
[Black "Korshun_2022"]
[Result "1-0"]
[WhiteElo "2491"]
[BlackElo "2388"]
[PlyCount "67"]
[EventDate "2021.??.??"]
[EventType "blitz"]

1. e4 e5 2. Nf3 d5 3. d3 dxe4 4. dxe4 Qxd1+ 5. Kxd1 Nf6 6. Bd3 Nc6 7. c3 Bc5 8.
Ke2 Be6 9. b4 Bd6 10. a4 a5 11. b5 Nb8 12. Nbd2 Nbd7 13. Ng5 Ke7 14. Nxe6 Kxe6
15. Bc4+ Ke7 16. f3 Nb6 17. Bb3 Nfd7 18. Nf1 Bc5 19. Ne3 Bxe3 20. Bxe3 Nc8 21.
c4 b6 22. c5 bxc5 23. Rac1 Ncb6 24. Bxc5+ Nxc5 25. Rxc5 Rad8 26. Rxc7+ Rd7 27.
Rc6 Rb8 28. Rhc1 Rbb7 29. R1c5 f6 30. h4 Rd4 31. Re6+ Kd7 32. Rcc6 Nxa4 33. b6
h6 34. Bd5 {Normal} 1-0

[Event "Rated Blitz game"]
[Site "?"]
[Date "2021.05.16"]
[Round "?"]
[White "PPaiva"]
[Black "RiskyBlitzer"]
[Result "1-0"]
[WhiteElo "2521"]
[BlackElo "2451"]
[PlyCount "39"]
[EventDate "2021.??.??"]
[EventType "blitz"]

1. e4 e5 2. Nf3 d5 3. exd5 e4 4. Nd4 Qxd5 5. Ne2 Nf6 6. Nbc3 Qe5 7. d4 exd3 8.
Qxd3 Bf5 9. Bf4 Bxd3 10. Bxe5 Bxc2 11. Nd4 Bg6 12. O-O-O c6 13. Bd3 Nbd7 14.
Rhe1 O-O-O 15. Nxc6 Nxe5 16. Nxe5 Bxd3 17. Nxf7 Bd6 18. g3 Rhf8 19. Nxd8 Rxd8
20. Rxd3 {Normal} 1-0

[Event "Rated Rapid game"]
[Site "?"]
[Date "2021.05.16"]
[Round "?"]
[White "The_next-chapion"]
[Black "Delyvj"]
[Result "0-1"]
[WhiteElo "2318"]
[BlackElo "2427"]
[PlyCount "86"]
[EventDate "2021.??.??"]
[EventType "rapid"]

1. e4 e5 2. Nf3 d5 3. Nxe5 dxe4 4. Nc3 Bf5 5. Bc4 Bg6 6. O-O Nf6 7. Re1 Qd4 8.
Nxg6 hxg6 9. d3 Bd6 10. h3 Nc6 11. Nxe4 O-O-O 12. Nxf6 Qxf6 13. c3 Ne5 14. Qe2
Nxc4 15. dxc4 Kb8 16. Be3 b6 17. a4 g5 18. a5 Qe5 19. Qf3 Qh2+ 20. Kf1 Bc5 21.
axb6 cxb6 22. Bxc5 bxc5 23. Qg3+ Qxg3 24. fxg3 Rd7 25. b4 Rc8 26. Re4 Rd3 27.
b5 Rc7 28. Rc1 Rxg3 29. Kf2 Rd3 30. Re3 Rcd7 31. Rce1 Kc7 32. Rxd3 Rxd3 33.
Re7+ Rd7 34. Rxd7+ Kxd7 35. Ke3 f5 36. g3 Ke6 37. Kf3 Ke5 38. Ke3 f4+ 39. Kf3
Kf5 40. gxf4 gxf4 41. Kf2 g5 42. Kf3 g4+ 43. hxg4+ Kg5 {Normal} 0-1

[Event "Rated Blitz tournament wj83Wc6d"]
[Site "?"]
[Date "2021.05.16"]
[Round "?"]
[White "CarlosCarmonaC"]
[Black "CaroyinixDiscomix"]
[Result "0-1"]
[WhiteElo "2220"]
[BlackElo "2424"]
[PlyCount "128"]
[EventDate "2021.??.??"]
[EventType "blitz"]

1. e4 e5 2. Nf3 d5 3. Nxe5 Bd6 4. d4 dxe4 5. Nc4 Nf6 6. Nxd6+ Qxd6 7. Be2 Bf5
8. c3 Nc6 9. Qa4 O-O 10. Bg5 h6 11. Bh4 Rfe8 12. Bg3 Qd7 13. Bb5 a6 14. Bxc6
bxc6 15. O-O Rab8 16. b3 e3 17. f3 e2 18. Re1 c5 19. Nd2 Qxa4 20. bxa4 Rb2 21.
Nc4 Rc2 22. Ne3 Bg6 23. Nxc2 Bxc2 24. Be5 Bd1 25. Kf2 Nd5 26. c4 Nb4 27. Raxd1
exd1=Q 28. Rxd1 f6 29. Bxc7 cxd4 30. Rxd4 Nc2 31. Rd8 Rxd8 32. Bxd8 Kf7 33. Bb6
Ke6 34. Bc5 Kd7 35. Ke2 Kc6 36. Bf8 g6 37. Kd3 Ne1+ 38. Kd4 Nxg2 39. Bxh6 f5
40. Bg5 Ne1 41. h4 Nxf3+ 42. Kc3 Ne5 43. Kd4 Nd7 44. a3 Nb6 45. a5 Nd7 46. Bf4
Nc5 47. Bh6 Nb3+ 48. Kc3 Nxa5 49. Bf8 Nb7 50. Kd4 Nd8 51. Ke5 Nb7 52. Kf6 f4
53. Kxg6 f3 54. Bb4 f2 55. h5 f1=Q 56. h6 Qg2+ 57. Kh7 Nd8 58. Bf8 Ne6 59. Bg7
Kd7 60. c5 Ke7 61. c6 Kf7 62. a4 Nxg7 63. c7 Qg6+ 64. Kh8 Qxh6# {Normal} 0-1

[Event "Rated Blitz game"]
[Site "?"]
[Date "2021.05.16"]
[Round "?"]
[White "emiliooo"]
[Black "greenbubbl_e"]
[Result "0-1"]
[WhiteElo "2594"]
[BlackElo "2716"]
[PlyCount "74"]
[EventDate "2021.??.??"]
[EventType "blitz"]

1. e4 e5 2. Nf3 d5 3. Nxe5 Bd6 4. d4 Nf6 5. exd5 O-O 6. Be2 Nxd5 7. O-O c5 8.
Nf3 cxd4 9. Qxd4 Nc6 10. Qh4 Qxh4 11. Nxh4 Re8 12. Bf3 Ndb4 13. Na3 Be6 14. c3
Nd3 15. Nb5 Be5 16. Be4 Bc4 17. Na3 Bxh2+ 18. Kxh2 Rxe4 19. Nf3 Be6 20. Ng5
Rh4+ 21. Kg1 Bg4 22. f3 Bf5 23. g3 Rh6 24. g4 Bc8 25. Rd1 Nxc1 26. Raxc1 f6 27.
Ne4 f5 28. gxf5 Bxf5 29. Nd6 Rf8 30. Nxf5 Rxf5 31. Rd7 Ne5 32. Rxb7 Rg6+ 33.
Kf1 Rxf3+ 34. Ke1 Rg1+ 35. Kd2 Rg2+ 36. Ke1 Nd3+ 37. Kd1 Rf1# {Normal} 0-1

[Event "Rated Blitz game"]
[Site "?"]
[Date "2021.05.16"]
[Round "?"]
[White "perfect_storm95"]
[Black "CristianS27"]
[Result "1-0"]
[WhiteElo "2490"]
[BlackElo "2471"]
[PlyCount "87"]
[EventDate "2021.??.??"]
[EventType "blitz"]

1. e4 e5 2. Nf3 d5 3. exd5 e4 4. Nd4 Qxd5 5. Nb3 Nf6 6. Nc3 Qe5 7. Qe2 Bd6 8.
d3 exd3 9. Qxe5+ Bxe5 10. Bxd3 Nc6 11. O-O O-O 12. Bg5 Nb4 13. Bc4 Nxc2 14.
Rac1 Nb4 15. a3 Nc6 16. f4 Bxc3 17. Rxc3 Ne4 18. Re3 Nd6 19. Bd5 h6 20. Bh4 Nf5
21. Rh3 Nxh4 22. Rxh4 Be6 23. Bxc6 Bxb3 24. Bxb7 Rab8 25. Bc6 Rfd8 26. f5 Rd2
27. f6 Be6 28. b4 Rbd8 29. fxg7 Kxg7 30. Rhf4 Ra2 31. R4f3 Rdd2 32. Rg3+ Kf8
33. Rc3 Ke7 34. Bf3 Kd7 35. Rfc1 Ke8 36. Rxc7 Rxa3 37. h4 Raa2 38. h5 Kf8 39.
R7c5 Bg4 40. Bb7 Rd1+ 41. Rxd1 Bxd1 42. Rd5 Kg7 43. Rxd1 Rb2 44. Bf3 {Time
forfeit} 1-0